书目信息 |
| 题名: |
新编上古音韵表
|
|
| 作者: | ||
| 分册: | ||
| 出版信息: | 1980 |
|
| 页数: | 329页 | |
| 开本: | 26cm | |
| 丛书名: | ||
| 单 册: | ||
| 中图分类: | H111 | |
| 科图分类: | ||
| 主题词: | 汉语--语音 , 汉语--音韵学 | |
| 电子资源: | ||
| ISBN: | ||
| 000 | 00434nam0 2200181 450 | |
| 001 | 0652861219 | |
| 005 | 20061101144243.37 | |
| 010 | @dCNY3.80 | |
| 100 | @a20061101d1980 km y0chiy0120 ea | |
| 101 | 0 | @achi |
| 200 | 1 | @a新编上古音韵表@Axin bian shang gu yin yun biao |
| 210 | @d1980 | |
| 215 | @a329页@d26cm | |
| 606 | 0 | @a汉语@x语音 |
| 606 | 0 | @a汉语@x音韵学 |
| 690 | @aH111@v3 | |
| 801 | 0 | @aCN@bPFT@c20061101 |
| 905 | @a10447@dH111@e30 | |
| 新编上古音韵表.-1980 |
| 329页;26cm |
| ISBN :CNY3.80 |
| ● |
| 相关链接 |
|
|
|
|
正题名:新编上古音韵表
索取号:H111/30
 
预约/预借
| 序号 | 登录号 | 条形码 | 馆藏地/架位号 | 状态 | 备注 |
| 1 | 0051088 | 202078223 | 第二样本阅览室/ [索取号:H111/30] | 在馆 |